000 00347nam a2200133Ia 4500
008 220216s9999 xx 000 0 und d
100 _aGeorge C.M.
245 0 _aRubber products industry needs modernisation
260 _bRubber Asia
_c1995
300 _a25-31
650 _aIndian rubber industry
650 _aRubber goods export
942 _cBS
999 _c52152
_d52152